<?xml version="1.0" encoding="UTF-8"?>
<record
    xmlns:xsi="http://www.w3.org/2001/XMLSchema-instance"
    xsi:schemaLocation="http://www.loc.gov/MARC21/slim http://www.loc.gov/standards/marcxml/schema/MARC21slim.xsd"
    xmlns="http://www.loc.gov/MARC21/slim">

  <leader>02165nam a22002537a 4500</leader>
  <controlfield tag="003">OSt</controlfield>
  <controlfield tag="005">20250610145746.0</controlfield>
  <controlfield tag="008">220304b           ||||| |||| 00| 0 eng d</controlfield>
  <datafield tag="020" ind1=" " ind2=" ">
    <subfield code="a">9788131201114</subfield>
  </datafield>
  <datafield tag="040" ind1=" " ind2=" ">
    <subfield code="c">AL</subfield>
  </datafield>
  <datafield tag="041" ind1=" " ind2=" ">
    <subfield code="a">English</subfield>
  </datafield>
  <datafield tag="082" ind1=" " ind2=" ">
    <subfield code="2">23</subfield>
    <subfield code="a">574.192</subfield>
    <subfield code="b">METB</subfield>
  </datafield>
  <datafield tag="100" ind1=" " ind2=" ">
    <subfield code="a">David E Metzler</subfield>
    <subfield code="9">214040</subfield>
  </datafield>
  <datafield tag="245" ind1=" " ind2=" ">
    <subfield code="a">Biochemistry:</subfield>
    <subfield code="b">The Chemical Reactions of Living Cells Vol 2</subfield>
  </datafield>
  <datafield tag="250" ind1=" " ind2=" ">
    <subfield code="a">Ed 2</subfield>
  </datafield>
  <datafield tag="260" ind1=" " ind2=" ">
    <subfield code="a">New Delhi</subfield>
    <subfield code="b">Elsevier</subfield>
    <subfield code="c">2006</subfield>
  </datafield>
  <datafield tag="300" ind1=" " ind2=" ">
    <subfield code="a">xxi,1974 p.</subfield>
    <subfield code="b">PB</subfield>
    <subfield code="c">28x21.5 cm.</subfield>
  </datafield>
  <datafield tag="365" ind1=" " ind2=" ">
    <subfield code="a">MLSH21CRB334</subfield>
    <subfield code="b">&#x20B9;1598.00</subfield>
    <subfield code="c">&#x20B9;</subfield>
    <subfield code="d">&#x20B9;1998.00</subfield>
    <subfield code="e">20%</subfield>
    <subfield code="f">20-02-2022</subfield>
  </datafield>
  <datafield tag="440" ind1=" " ind2=" ">
    <subfield code="a">Vol 2</subfield>
    <subfield code="9">214041</subfield>
  </datafield>
  <datafield tag="520" ind1=" " ind2=" ">
    <subfield code="a">Biochemistry: The Chemical Reactions of Living Cells is a well-integrated, up-to-date reference for basic biochemistry, associated chemistry, and underlying biological phenomena. Biochemistry is a comprehensive account of the chemical basis of life, describing the amazingly complex structures of the compounds that make up cells, the forces that hold them together, and the chemical reactions that allow for recognition, signaling, and movement. This book contains information on the human body, its genome, and the action of muscles, eyes, and the brain.</subfield>
    <subfield code="b">Key Features
* Thousands of literature references provide introduction to current research as well as historical background
* Contains twice the number of chapters of the first edition
* Each chapter contains boxes of information on topics of general interest
Table of Contents: Vol. 2
The Organization of Metabolism; Electron Transport, oxidative Phosphorylation and Hydroxylation; The Chemistry of Movement; Some Pathways of Carbohydrate Metabolism; Specific Aspects of Lipid Metabolism; Polyprenyl (Isoprenoid) Compounds; Light and Life; The Metabolism of Nitrogen and Amino Acid Bases; Metabolism of Aromatic Compounds and Nucleic Acid Bases; Biochemical Genetics; Organization, Replication, Transposition, and Repair of DNA; The Transcription of Genes; Ribosomes and the Synthesis of Proteins; Chemical Communication Between Cells; Biochemical Defense Mechanisms; Growth and Development
</subfield>
  </datafield>
  <datafield tag="650" ind1=" " ind2=" ">
    <subfield code="a">Biochemistry</subfield>
    <subfield code="9">22756</subfield>
  </datafield>
  <datafield tag="700" ind1=" " ind2=" ">
    <subfield code="a">METZLER (David E)</subfield>
    <subfield code="9">22757</subfield>
  </datafield>
  <datafield tag="942" ind1=" " ind2=" ">
    <subfield code="2">ddc</subfield>
    <subfield code="c">BK</subfield>
  </datafield>
  <datafield tag="999" ind1=" " ind2=" ">
    <subfield code="c">221712</subfield>
    <subfield code="d">221712</subfield>
  </datafield>
  <datafield tag="952" ind1=" " ind2=" ">
    <subfield code="0">0</subfield>
    <subfield code="1">0</subfield>
    <subfield code="2">ddc</subfield>
    <subfield code="4">0</subfield>
    <subfield code="7">0</subfield>
    <subfield code="8">BIOC</subfield>
    <subfield code="a">AL</subfield>
    <subfield code="b">AL</subfield>
    <subfield code="c">SK</subfield>
    <subfield code="d">2021-02-17</subfield>
    <subfield code="e">Knowledge World</subfield>
    <subfield code="g">1497.50</subfield>
    <subfield code="l">0</subfield>
    <subfield code="o">574.192 METB</subfield>
    <subfield code="p">061873</subfield>
    <subfield code="r">2021-02-17 00:00:00</subfield>
    <subfield code="w">2021-02-17</subfield>
    <subfield code="y">BK</subfield>
  </datafield>
  <datafield tag="952" ind1=" " ind2=" ">
    <subfield code="0">0</subfield>
    <subfield code="1">0</subfield>
    <subfield code="2">ddc</subfield>
    <subfield code="4">0</subfield>
    <subfield code="7">3</subfield>
    <subfield code="8">BIOC</subfield>
    <subfield code="a">AL</subfield>
    <subfield code="b">AL</subfield>
    <subfield code="c">RS</subfield>
    <subfield code="d">2022-02-25</subfield>
    <subfield code="e">Sapna Book House Pvt.Ltd.</subfield>
    <subfield code="g">1598.00</subfield>
    <subfield code="l">0</subfield>
    <subfield code="o">574.192 METB</subfield>
    <subfield code="p">075530</subfield>
    <subfield code="r">2022-03-04 00:00:00</subfield>
    <subfield code="v">1998.00</subfield>
    <subfield code="w">2022-03-04</subfield>
    <subfield code="y">REF</subfield>
  </datafield>
</record>
